<?xml version="1.0" encoding="UTF-8"?>
<marc:record xmlns:marc="http://www.loc.gov/MARC21/slim">
   <marc:leader>00000nam a2200000 a 4500</marc:leader>
   <marc:datafield ind1="1" ind2=" " tag="100">
      <marc:subfield code="a">Pröse, Tim</marc:subfield>
      <marc:subfield code="4">aut</marc:subfield>
      <marc:subfield code="e">Verfasser/-in</marc:subfield>
   </marc:datafield>
   <marc:datafield ind1="0" ind2="0" tag="245">
      <marc:subfield code="a">Jan Fedder - Unsterblich</marc:subfield>
   </marc:datafield>
   <marc:datafield ind1="0" ind2="0" tag="245">
      <marc:subfield code="b">Die autorisierte Biografie</marc:subfield>
   </marc:datafield>
   <marc:datafield ind1="0" ind2="0" tag="245">
      <marc:subfield code="c">Tim Pröse</marc:subfield>
   </marc:datafield>
   <marc:datafield ind1=" " ind2="1" tag="264">
      <marc:subfield code="a">München</marc:subfield>
      <marc:subfield code="b">Wilhelm Heyne,</marc:subfield>
      <marc:subfield code="c">2020</marc:subfield>
   </marc:datafield>
   <marc:datafield ind1="1" ind2=" " tag="520">
      <marc:subfield code="a">Jan Fedder war nicht nur ein großer Schauspieler, sondern vor allem ein großartiger Mensch, einer von den ganz großen, die es so nie wieder geben wird. Er spielte Dirk Matthies in der ARD Serie »Großstadtrevier«, den Bauern Kurt Brakelmann in »Neues aus Büttenwarder«. Denkwürdige Rollen als Bootsmann Pilgrim im Film »Das Boot« und in den Siegfried-Lenz-Verfilmungen »Der Mann im Strom« und »Das Feuerschiff« zeigen ihn als Darsteller ernsterer Charaktere. Doch bei allen Erfolgen sagte Jan Fedder von sich: »Hauptberuflich bin ich Mensch &#x96; im Nebenberuf bin ich Schauspieler.«</marc:subfield>
   </marc:datafield>
   <marc:datafield ind1=" " ind2=" " tag="020">
      <marc:subfield code="a">9783453218024</marc:subfield>
      <marc:subfield code="9">9783453218024</marc:subfield>
   </marc:datafield>
   <marc:datafield ind1=" " ind2=" " tag="020">
      <marc:subfield code="a">3453218027</marc:subfield>
      <marc:subfield code="9">3453218027</marc:subfield>
   </marc:datafield>
   <marc:datafield ind1=" " ind2=" " tag="300">
      <marc:subfield code="a">251 S.: Abb.</marc:subfield>
   </marc:datafield>
</marc:record>
